Confutazione dell' exsame del cristianésimo fatto dal signor Eduardo Gibbon nella sua Storia della decadenza dell' impero romano

Detalles Bibliográficos
Autor principal: SPEDALIERI, Nicolás
Formato: Libro
Publicado: Roma 1784
Materias:
Colección:Banco de datos
Acervo:Biblioteca Nacional de Antropología e Historia. Fondo Conventual
Descripción Física:2a. parte
Tema general:Apologética
Notas:Buena. Encuadernada con la primera parte de esta misma obra. XIX, 2, 19.
LEADER 00798nam a22002050004500
035 |a 8309 
036 |a 2914 
100 1 |a SPEDALIERI, Nicolás 
245 1 0 |a Confutazione dell' exsame del cristianésimo fatto dal signor Eduardo Gibbon nella sua Storia della decadenza dell' impero romano 
260 |a Roma  |b Luis Perego Salvioni  |c 1784 
300 |a 2a. parte 
500 |a Buena. Encuadernada con la primera parte de esta misma obra. XIX, 2, 19. 
650 1 0 |a Apologética 
949 |a B.N.A.H. 
959 |a Biblioteca Nacional de Antropología e Historia. Ciudad de México  |b CCC1 
960 |a Seminario de Morelia  |b DD56 
961 |a Casa de formación del Clero Secular  |b CS 
942 |c B.N.A.H. 
943 |g Biblioteca Nacional de Antropología e Historia. Fondo Conventual 
999 |c 1032841  |d 1032841